Reglamento No.32565 a la Ley de Protección al Ciudadano del Exceso de Requisito y Trámites Administrativos /
El texto esboza el Reglamento que viene a desarrollar lo establecido por la Ley de Protección al Ciudadano del Exceso de Requisitos y Trámites Administrativos N°8220, que tiene como finalidad ampliar de forma consistente, la simplificación de los trámites y requisitos establecidos por la Administrac...
Shranjeno v:
| Korporativna značnica: | |
|---|---|
| Format: | Neznan |
| Jezik: | Spanish |
| Izdano: |
Costa Rica :
La Gaceta,
2010
|
| Teme: | |
| Online dostop: | www.dhr.go.cr |
| Oznake: |
Označite
Brez oznak, prvi označite!
|
MARC
| LEADER | 00000 a2200000 04500 | ||
|---|---|---|---|
| 001 | 41799 | ||
| 003 | cru CIDCACS/IIS | ||
| 005 | 20231114153639.0 | ||
| 007 | ta | ||
| 008 | 050627s2005 cr spa d | ||
| 040 | |c cru CIDCACS/IIS | ||
| 090 | |a 04.02.01 C837r | ||
| 110 | |a Defensoría de los Habitantes de la República | ||
| 245 | |a Reglamento No.32565 a la Ley de Protección al Ciudadano del Exceso de Requisito y Trámites Administrativos / |c Defensoría de los Habitantes de la República | ||
| 260 | |a Costa Rica : |b La Gaceta, |c 2010 | ||
| 300 | |a 20 páginas | ||
| 520 | |a El texto esboza el Reglamento que viene a desarrollar lo establecido por la Ley de Protección al Ciudadano del Exceso de Requisitos y Trámites Administrativos N°8220, que tiene como finalidad ampliar de forma consistente, la simplificación de los trámites y requisitos establecidos por la Administración Pública frente a las personas ciudadanas. Esta norma pretende favorecer el ejercicio de los derechos y garantías de quienes acuden a las instituciones públicas ante gestiones que el Estado, a partir de la norma, debe atender con prontitud y eficacia, según lo establecido por ley. | ||
| 650 | 4 | |9 1993 |a LEGISLACION | |
| 650 | 0 | |a DERECHO PUBLICO |9 3064 | |
| 650 | 0 | |9 7520 |a DERECHO ADMINISTRATIVO | |
| 650 | 0 | |9 3092 |a ADMINISTRACION PUBLICA | |
| 650 | 0 | |a FUNCION PUBLICA |9 3086 | |
| 651 | 0 | |9 32 |a COSTA RICA | |
| 856 | |u www.dhr.go.cr | ||
| 942 | |2 z |c LI |i 11400 |i 11478 |h 04.02.01 C837r |6 040201_C837R_11400__11478 | ||
| 999 | |c 12483 |d 12483 | ||
